|
|
|
|
| LEADER |
01026nam a2200277 a 4500 |
| 001 |
00027282 |
| 008 |
130819s2007 enka b 001 0 eng |
| 020 |
|
|
|a 9780230006362
|
| 020 |
|
|
|a 0230006361
|
| 020 |
|
|
|a 9780230006379
|
| 020 |
|
|
|a 023000637x
|
| 040 |
|
|
|a BD-DhAAL
|c BD-DhAAL.
|
| 082 |
0 |
4 |
|a 320.3
|2 21
|
| 100 |
1 |
|
|a Hague, Rod
|
| 245 |
1 |
0 |
|a Comparative government and politics :
|b an introduction /
|c Rod Hague and Martin Harrop
|
| 250 |
|
|
|a 7th ed.
|
| 260 |
|
|
|a Basingstoke :
|b Palgrave,
|c 2007
|
| 300 |
|
|
|a xvii, 434 p. :
|b ill. ;
|c 25 cm
|
| 490 |
0 |
|
|a Comparative government and politics
|
| 504 |
|
|
|a Includes bibliographical references (p. [398] - 426) and index.
|
| 541 |
|
|
|e 00027282
|
| 650 |
|
0 |
|a Comparative government
|
| 700 |
1 |
|
|a Harrop, Martin
|
| 852 |
1 |
|
|a Ayesha Abed Library
|j General shelf.
|
| 999 |
|
|
|c 13862
|d 13862
|
| 952 |
|
|
|0 0
|1 0
|4 0
|6 320_300000000000000_HAG
|7 0
|9 23193
|a IGS
|b IGS
|c GEN
|d 2013-08-19
|e Karim International
|g 3070.00
|l 0
|o 320.3 HAG
|p 3010027282
|r 2013-08-19
|t 1
|w 0000-00-00
|y BK
|x Available
|